Poema del cid /
Guardado en:
| Autor Principal: | |
|---|---|
| Formato: | Libro |
| Publicado: |
Buenos Aires :
Losada,
1981
|
| Edición: | 14a. ed. |
| Series: | Biblioteca clásica y contempor
|
| Materias: | |
| Etiquetas: |
Agregar Etiqueta
Sin Etiquetas, Sea el primero en etiquetar este registro!
|
| LEADER | 00867nam a22002535a 4500 | ||
|---|---|---|---|
| 001 | CEM.cems000532 | ||
| 005 | 20060210000000.0 | ||
| 008 | 130507s1981##################000#0#####d | ||
| 003 | CEMS | ||
| 082 | 0 | 4 | |a 861.1 |
| 100 | 1 | |a Anónimo | |
| 245 | 1 | 0 | |a Poema del cid / |
| 250 | |a 14a. ed. | ||
| 260 | |a Buenos Aires : |b Losada, |c 1981 | ||
| 300 | |a 249 p. | ||
| 490 | 0 | |a Biblioteca clásica y contempor | |
| 500 | |a Texto antiguoy versión romance moderno | ||
| 505 | 0 | |a Texto antiguo seg£n la ed. cr¡tica de Menéndez Pidal. Versión en romance moderno de P. Salinas. Introducción de Henr¡quez Ure¤a. | |
| 653 | |a Literatura | ||
| 653 | |a Literatura espaÑola | ||
| 653 | |a Poesia epica | ||
| 653 | |a Poesia espaÑola | ||
| 859 | |a CEMS |b BIB. CEMS - 11 de abril |h 861.1 |i P752-4a14 |p 12938.84 |t Ej.1 | ||
| 859 | |a CEMS |b BIB. CEMS - 11 de abril |h 861.1 |i P752-4a14 |p 16259.91 |t Ej.2 | ||
